Normal view
MARC view
- تاليف بن محمد، أبي عبد الرحمن فوزي بن عبدالله؛ فهرست أم عبدالله بنت أحمد الجودر
Entry Personal Name
001 - CONTROL NUMBER
- control field: 18816
003 - CONTROL NUMBER IDENTIFIER
- control field: JO-AjAnu
005 - DATE AND TIME OF LATEST TRANSACTION
- control field: 20230606073310.0
008 - FIXED-LENGTH DATA ELEMENTS
- fixed length control field: 230606|| aca||aabn | a|a d
040 ## - CATALOGING SOURCE
- Original cataloging agency: JO-AjAnu
- Transcribing agency: JO-AjAnu
100 ## - HEADING--PERSONAL NAME
- Personal name: تاليف بن محمد، أبي عبد الرحمن فوزي بن عبدالله؛ فهرست أم عبدالله بنت أحمد الجودر
670 ## - SOURCE DATA FOUND
- Source citation: Work cat.: (JO-AjAnu)9657: تاليف بن محمد، أبي عبد الرحمن فوزي بن عبدالله؛ فهرست أم عبدالله بنت أحمد الجودر, author, الأضواء السماوية في تخريج أحاديث الأربعين النووية